000 00684nam a22002297a 4500
001 76531
003 BD-RjUL
005 20211209082845.0
008 191218s2019 bg ||||| b||| 00| 0 eng d
020 _a9789843447357
035 _a(BD-RjUL)
040 _aBD-RjUL
_beng
_cBD-RjUL
041 _aeng
082 _223
_a332.095492
_bALM 2019
100 _aAli, Mohd. Sher
_9236555
245 _aMicrocredit Management in Bangladesh :
_ba comparative analysis /
_cMohd. Sher Ali
260 _aDhaka :
_bFairplay publications,
_c2019
300 _axvii, 227 p. :
_btables ;
_c22 cm.
504 _aIncludes bibliography
650 _aMicrofinance
_zBangladesh.
_9236556
942 _2ddc
_cBK
999 _c76531
_d76531